Všeobecná biológia pre farmaceutov : učebnica pre farmaceutické fakulty /
Uložené v:
| Hlavní autori: | , , |
|---|---|
| Médium: | Kniha |
| Jazyk: | Slovak |
| Vydané: |
Martin :
Osveta,
1990
|
| Vydanie: | 2. preprac. vyd. |
| Edícia: | Vysokoškolské učebnice
|
| ISBN: |
8021701293 (viaz.) |
| Fyzický popis: |
214 s. |
| Tagy: |
Pridať tag
Žiadne tagy, Buďte prvý kto otaguje tento záznam!
|
Titul je dostupný aj v ... 

MARC
| LEADER | 00000nam a2200000 a 4500 | ||
|---|---|---|---|
| 001 | 000201014 | ||
| 005 | 20060918163548.0 | ||
| 008 | 060420s1990 xo e 000 0 sloo | ||
| 020 | |a 8021701293 (viaz.) | ||
| 040 | |a SVKKK |b slo |c SVKKK |e AACR2 | ||
| 041 | 0 | |a slo | |
| 044 | |a xo |c SK | ||
| 100 | 1 | |a Bózner, Anton |4 aut | |
| 245 | 1 | 0 | |a Všeobecná biológia pre farmaceutov : |b učebnica pre farmaceutické fakulty / |c Anton Bózner, František Bartoš, Karel Smetana |
| 250 | |a 2. preprac. vyd. | ||
| 260 | |a Martin : |b Osveta, |c 1990 | ||
| 300 | |a 214 s. | ||
| 440 | 0 | |a Vysokoškolské učebnice | |
| 700 | 1 | |a Bartoš, František |4 aut | |
| 700 | 1 | |a Smetana, Karel |4 aut | |
| 910 | |a svkkk | ||
| 919 | |a 80-217-0129-3 | ||
| 998 | |a BK | ||
| 090 | |g SCKHL |k Sklad Pribinova prízemie |a IV.157259 |j 815151 |i 2720010911 |s Absenčne | ||
| 090 | |g SCKHL |k Sklad Pribinova prízemie |a IV.157260 |j 815152 |i 2720125142 |s Absenčne | ||
| 090 | |g SCKHL |k Sklad Pribinova prízemie |a IV.157261 |j 815153 |i 2720179723 |s Absenčne | ||
| 090 | |g SCKHL |k Sklad Pribinova prízemie |a IV.157877 |j 818652 |i 2720170975 |s Absenčne | ||